000 00476nam a2200157 4500
001 122442
003 ES-MaACL
005 20230906191958.0
007 t|
008 070214s1975 sz r ||||1| spa d
100 1 _aPuebla, Alvaro de.
_994122
245 1 0 _aViaje breve al país de las sonrisas cortas /
_cAlvaro de Puebla.
260 _aGinebra :
_b[s.n.],
_c1975 (
_fCoop. de Imp. del Pré-Jérôme)
300 _a141 p. ;
_c18 cm.
852 _aES-MaACL
_jC-40312
_bR.101287
999 _c122442
_d122442